Cliquez sur la bonne traduction en allemand - Les couleurs - Statistiques

Statistiques générales
  • Ce quiz a été pris 578 fois
  • Le résultat moyen est 9 sur 11
Statistiques - réponses
Hint Réponse % Correct
Bleu Blau
98%
Orange Orange
95%
Rose Rosa
94%
Marron Braun
85%
Violet Lila
79%
Rouge Rot
79%
Noir Schwarz
79%
Vert Grün
74%
Jaune Gelb
73%
Blanc Weiss
71%
Gris Grau
63%
Aucun quiz correspondant
Distribution des résultats
% des personnes avec chaque résultat
Percentile par nombre de réponses
Votre historique - résultats
Vous n’avez pas pris ce quiz